Responsabilidad civil en el ámbito del Derecho de Familia

Guardat en:
Dades bibliogràfiques
Autor principal: Vivanco Luengo, Pablo Andrés (Autor)
Format: Llibre
Idioma:espanyol
Publicat: Santiago, Chile Thomson Reuters 2018
Edició:1a. edición
Col·lecció:Monografías
Matèries:
Etiquetes: Afegir etiqueta
Sense etiquetes, Sigues el primer a etiquetar aquest registre!

MARC

LEADER 00000cam a2200000 a 4500
001 UCC5557
003 CL-VaPUC
005 20220719074437.0
008 181012e20180000cl |||||||||||||||||spa|d
999 |c 372747  |d 372745 
020 |a 9789563469660 
040 |c Pontificia Universidad Católica de Valparaíso 
082 0 4 |a 346.015  |b VIV  |2 21 
100 0 |a Vivanco Luengo, Pablo Andrés  |e author  |9 599895 
245 1 0 |a Responsabilidad civil en el ámbito del Derecho de Familia 
250 |a 1a. edición 
260 |a Santiago, Chile  |b Thomson Reuters  |c 2018 
300 |a 336 páginas  
490 0 |a Monografías 
583 |a last modification  |c 20190123 12:33:43  |k Rodrigo Vera 
650 0 |a Derecho de familia  |9 255603 
650 0 |a Tutelas   |9 384923 
650 7 |a MATRIMONIO  |2 CL-VaPUC  |9 599896 
650 0 |a Divorcio  |9 256204 
650 7 |a BIENES FAMILIARES  |2 CL-VaPUC  |9 392398 
852 |a BIBCUR 
942 |c BK  |2 ddc 
945 |d 20181012 13:26:00  |a dcastane 
952 |0 0  |1 0  |3 erb  |4 0  |6 346_015000000000000_VIV_2018  |7 0  |8 A  |9 490545  |a BIBDER  |b BIBDER  |i 5506344  |l 4  |m 5  |o 346.015 VIV 2018  |p 5506344  |r 2023-12-05  |s 2023-11-30  |w 2019-11-24  |y BK  |z Catalogado en:20181012  |k DER 
952 |0 0  |1 0  |3 erb  |4 0  |6 346_015000000000000_VIV_2018  |7 0  |8 A  |9 490546  |a BIBDER  |b BIBDER  |i 5530253  |o 346.015 VIV 2018  |p 5530253  |r 2023-01-25  |w 2019-11-24  |y BK  |z Catalogado en:20190125  |k DER